000 00650nam a2200253Ia 4500
003 OSt
005 20220924151108.0
006 a|||||r|||| 00| 0
007 ta
008 220923b |||||||| |||| 00| 0 ara d
020 _a9770157236
024 _a336016
037 _cTextual
040 _aARTS
_cARTS
_bara
041 _2ara
_aara
082 _aO28,1x, N8
100 _aAnani Muhammad Au.
_9223536
245 0 _aArwa-i- ma kutub-al-shayar Salah Abdul Saboor
260 _c1998
300 _a122p.
_ccm.
650 _aARABIC POETRY
942 _hO28,1x, N8
_cTEXL
_2CC
999 _c465476
_d465476